Statistics for Ozark Characters

Click here to take the quiz!

General Stats

  • This quiz has been taken 248 times
  • The average score is 10 of 14

Answer Stats

DescriptionCharacter% Correct
Financial advisor, moves his family to the OzarksMarty Byrde
99%
Young female criminal, associate of #1Ruth Langmore
94%
Campaign worker, wife of aboveWendy Byrde
90%
Daughter of #1 and #2Charlotte Byrde
85%
Son of #1 and #2Jonah Byrde
83%
Wife and business partner of aboveDarlene Snell
78%
Old man who lives with above familyBuddy Dieker
77%
Female lawyer of drug cartelHelen Pierce
71%
Troublesome brother of #2Ben Davis
68%
Cartel boss that #1 works forOmar Navarro
65%
Local poppy farmer, heroin manufacturerJacob Snell
64%
Cartel liaison in Season 1Camino Del Rio
62%
Criminal father of aboveCade Langmore
53%
Owner of Blue Cat Lodge and associate of #1Rachel Garrison
53%

Score Distribution

Percentile by Number Answered

Percent of People with Each Score

Your Score History

You have not taken this quiz